All Lord of the Rings and The Hobbit Characters-D - Statistics

General Stats
  • This quiz has been taken 20 times
  • The average score is 8 of 15
Answer Stats
Times Mentioned Answer % Correct
92 Denethor
100%
34 Dain
86%
18 Dwalin
86%
1 Dori
71%
15 Drogo Baggins
71%
11 Deagol
57%
15 Durin's Bane
57%
23 Durin the Deathless
57%
9 Damrod
43%
1 Derufin
43%
1 Duilin
43%
1 Duinhir
43%
1 Deor
29%
2 Deorwine
29%
1 Dora
29%
No matching quizzes found
Score Distribution
Percent of People with Each Score
Percentile by Number Answered
Your Score History
You have not taken this quiz